Los problemas fundamentales de la fenomenología

Uloženo v:
Podrobná bibliografie
Médium: Kniha
Jazyk:španělština
Vydáno: Madrid Trotta 2000
Vydání:1a. ed
Edice:Colección Estructuras y Procesos. Serie Filosofía
Témata:
Tagy: Přidat tag
Žádné tagy, Buďte první, kdo vytvoří štítek k tomuto záznamu!

MARC

LEADER 00000cam a2200000 a 4500
001 UCO7749
003 CL-VaPUC
008 001117e20000000SP |||||||||||||||||spa|d
020 |a 9788481643992 
082 0 4 |a 142.7  |b HEI  |2 21 
245 1 4 |a Los problemas fundamentales de la fenomenología 
250 |a 1a. ed 
300 |a 402 p 
942 |c BK 
945 |d 20001117 00:00:00  |a vberengu 
260 |a Madrid  |b Trotta  |c 2000 
650 0 |a Fenomenología  |9 256519 
650 0 |a Filosofía alemana   |9 265002 
650 0 |a Ontología   |9 256850 
583 |a last modification  |c 20151110 10:22:51  |k Rodrigo Vera 
490 0 |a Colección Estructuras y Procesos. Serie Filosofía 
999 |c 292628  |d 292626 
952 |0 0  |1 2  |4 0  |6 142_700000000000000_HEI_2000  |7 0  |8 A  |9 343636  |a BIBTEO  |b BIBTEO  |d 2019-11-20  |i 366919K  |o 142.7 HEI 2000  |p 366919K  |r 2019-11-20  |w 2019-11-20  |y BK  |k ICR 
952 |0 0  |1 0  |3 erb  |4 0  |6 142_700000000000000_HEI_2000  |7 0  |8 A  |9 343637  |a BIBEDU  |b BIBEDU  |i 5249147  |o 142.7 HEI 2000  |p 5249147  |r 2019-11-20  |w 2019-11-20  |y BK  |z Catalogado en:20151112  |k FIL 
952 |0 0  |1 0  |3 erb  |4 0  |6 142_700000000000000_HEI_2000  |7 0  |8 A  |9 343638  |a BIBEDU  |b BIBEDU  |i 5249139  |l 3  |m 4  |o 142.7 HEI 2000  |p 5249139  |r 2025-04-14  |s 2025-03-25  |w 2019-11-20  |y BK  |z Catalogado en:20151112  |k FIL